MARC

LEADER 00000nam0a2200000 4500
001 174058
005 20231031164603.0
035 |a (RuTPU)RU\TPU\book\188756 
090 |a 174058 
100 |a 20100118d1901 k y0rusy50 ca 
101 0 |a rus 
102 |a RU 
105 |a a z 001zy 
200 1 |a Лекциипо органической химии  |f Н. Ментушкин 
205 |a 4-е изд. 
210 |a СПб.  |d 1901 
215 |a 760 с.  |c ил. 
320 |a Алф. указ.: с. 743-760. 
610 1 |a органическая химия 
610 1 |a органические соединения 
610 1 |a химический состав 
610 1 |a строение 
610 1 |a углеводороды 
610 1 |a металлоорганические соединения 
610 1 |a спирты 
610 1 |a альдегиды 
610 1 |a кетоны 
610 1 |a кислоты 
610 1 |a гетероциклические соединения 
675 |a 547  |v 3 
700 1 |a Ментушкин  |b Н. 
801 1 |a RU  |b 63413507  |c 20100118 
801 2 |a RU  |b 63413507  |c 20100406  |g RCR 
942 |c BK